تحميل...

Membrane transport in biology :Transport organs V.4-A /

التفاصيل البيبلوغرافية
مؤلفون آخرون: Giebisch, G. (المحرر), Tosteson. D. C. (المحرر)
التنسيق: Printed Book
اللغة:English
منشور في: New York : Springer Verlag, 1979.
الموضوعات:
LEADER 00532nam a2200145Ia 4500
008 160121b xxu||||| |||| 00| 0 eng d
020 |c Rs 680.8 
245 |a Membrane transport in biology :Transport organs V.4-A /  |c Edited By Tosteson. D. C. and G. Giebisch 
260 |a New York :  |b Springer Verlag,  |c 1979. 
653 |a Physiology 
700 |a Giebisch, G.  |e Editor 
700 |a Tosteson. D. C.  |e Editor 
942 |c BK 
999 |c 122690  |d 122690 
952 |0 0  |1 0  |4 0  |7 0  |9 135815  |a LIF  |b LIF  |c ST1  |d 2009-08-02  |i 428  |l 0  |p LIF428  |r 2009-08-02  |w 2009-08-02  |y BK